The Autobiography of Benjamin Franklin (Record no. 216417)

MARC details
000 -LEADER
fixed length control field 00510nam a22001817a 4500
005 - DATE AND TIME OF LATEST TRANSACTION
control field 20260529162415.0
010 ## - LCCN (DPL NO)
LC control number ENG-148670
020 ## - INTERNATIONAL STANDARD BOOK NUMBER
International Standard Book Number 9789349042018
Terms of availability 195.00
035 ## - SYSTEM CONTROL NUMBER
System control number EN-132202
037 ## - SOURCE OF ACQUISITION
Source of stock number/acquisition DBAD
082 ## - DEWEY DECIMAL CLASSIFICATION NUMBER
Classification number 921
Edition number 1
245 ## - TITLE STATEMENT
Title The Autobiography of Benjamin Franklin
250 ## - EDITION STATEMENT
Edition statement 1
260 ## - PUBLICATION, DISTRIBUTION, ETC. (IMPRINT)
Place of publication, distribution, etc Chandigarh
Name of publisher, distributor, etc The Browser
Date of publication, distribution, etc 2026
270 ## - ADDRESS
City Chandigarh
Address SCO 14-15, Sector 8-C
Postal code 160009
Electronic mail address service@thebrowser.org
300 ## - PHYSICAL DESCRIPTION
Extent 153p.
Dimensions 20cm(pb)
942 ## - ADDED ENTRY ELEMENTS (KOHA)
Source of classification or shelving scheme Dewey Decimal Classification
Item type English Books
Classification part 921
Call number suffix AUT
Holdings
Withdrawn status Lost status Not for loan Collection code Home library Current library Date acquired Source of acquisition Cost, normal purchase price Full call number Barcode Copy number Cost, replacement price Koha item type
      Non-fiction Tri Nagar Tri Nagar 29/05/2026 Delivery of Books Act Division 195.00 921 AUT EN-132202 1 195.00 English Books

© Delhi Public Library
Hit Counter
free hit counter